000 00309nam a22001337a 4500
008 171004b xxu||||| |||| 00| 0 eng d
020 _a9780670014873
041 _aeng
080 _a159.9
100 _a48
101 _aPSI
245 _aTHE SCIENCE OF HAND, HEART AND MIND
_cLINDNE,.D.J
942 _2udc
_cBK
999 _c31774
_d31774